| 000 | 00516nam a2200181Ia 4500 | ||
|---|---|---|---|
| 008 | 230917s9999||||xx |||||||||||||| ||und|| | ||
| 020 | _cRS 2595.00 | ||
| 040 |
_e5000977 _aMAIN |
||
| 041 | _aEnglish | ||
| 082 | _a615.19 A54A(6) | ||
| 100 | _aTaylor, Kevin M G, ed. | ||
| 245 | 0 | _aAulton's pharmaceutics: The design and manufacture of medicines | |
| 250 | _a6th ed. | ||
| 260 |
_aNew Delhi _bElsevier _c2022 |
||
| 300 | _axx, 946 p. | ||
| 500 | _a4840 20/12/2022 IPD22/0623A 20/12/2022 Main Budget | ||
| 942 | _cBK | ||
| 999 |
_c7508 _d7508 |
||